000 00668cam a2200145 4500500
005 20251228093409.0
041 _afre
042 _adc
100 1 0 _aOstromoukhov, Bella
_eauthor
245 0 0 _aE. Ju. ZUBKOVA, L. P. KOŠELEVA, G. A. KUZNECOVA, A. I. MINJUK, L. A. ROGOVAJA, eds. Sovetskaja žizn´, 1945-1953 (La vie soviétique, 1945-1953) Moscou, ROSSPEN, 2003, 719 p. (Serija « Dokumenty sovetskoj istorii »)
260 _c2004.
500 _a93
786 0 _nCahiers du monde russe | Vol 45 | 3 | 2004-11-01 | p. 613zk-658zk | 1252-6576
856 4 1 _uhttps://shs.cairn.info/revue-cahiers-du-monde-russe-2004-3-page-613zk?lang=fr&redirect-ssocas=7080
999 _c1604306
_d1604306